Statistiken für Beste Bundesliga Torschützen VfB Stuttgart

Klicken Sie hier um das Quiz zu spielen!

Allgemein

  • Dieses Quiz wurde 333 mal gespielt
    (138 seit der letzten Aktualisierung)
  • Das Durchschnittsergebnis liegt bei 24 aus 62

Antwortstatistiken

SaisonNationalitätToreSpieler% Korrekt
2008/09Deutschland24Mario Gómez
90%
2017/18Deutschland9Mario Gómez
90%
2006/07Deutschland14Mario Gómez
90%
2007/08Deutschland19Mario Gómez
90%
2018/19Deutschland7Mario Gómez
90%
2022/23Frankreich11Serhou Guirassy
80%
2020/21Österreich16Saša Kalajdžić
75%
2021/22Österreich6Saša Kalajdžić
75%
2014/15Österreich9Martin Harnik
70%
2013/14Österreich10Martin Harnik
70%
2011/12Österreich17Martin Harnik
70%
2010/11Österreich9Martin Harnik
70%
1994/95Deutschland12Fredi Bobic
68%
1995/96Deutschland17Fredi Bobic
68%
1996/97Deutschland19Fredi Bobic
68%
1997/98Deutschland13Fredi Bobic
68%
2013/14Bosnien und Herzegowina10Vedad Ibišević
62%
2012/13Bosnien und Herzegowina15Vedad Ibišević
62%
1986/87Deutschland16Jürgen Klinsmann
57%
1987/88Deutschland19Jürgen Klinsmann
57%
1988/89Deutschland13Jürgen Klinsmann
57%
2009/10Deutschland13Cacau
54%
1989/90Deutschland13Fritz Walter
44%
1992/93Deutschland13Fritz Walter
44%
1991/92Deutschland22Fritz Walter
44%
1990/91Deutschland12Fritz Walter
44%
1993/94Deutschland13Fritz Walter
44%
1988/89Deutschland13Fritz Walter
44%
2002/03Deutschland15Kevin Kurányi
42%
2004/05Deutschland13Kevin Kurányi
42%
2003/04Deutschland11Kevin Kurányi
42%
1984/85Deutschland19Karl Allgöwer
36%
1982/83Deutschland21Karl Allgöwer
36%
1985/86Deutschland21Karl Allgöwer
36%
2015/16Deutschland13Daniel Didavi
32%
1977/78Deutschland14Hansi Müller
31%
1979/80Deutschland14Hansi Müller
31%
2005/06Dänemark8Jon Dahl Tomasson
31%
1981/82Deutschland14Dieter Müller
30%
2010/11Serbien9Zdravko Kuzmanović
25%
1998/99Nigeria11Jonathan Akpoborie
20%
2001/02Rumänien10Ionel Ganea
19%
2000/01Rumänien8Ionel Ganea
19%
1978/79Deutschland16Dieter Hoeneß
18%
1974/75Deutschland17Hermann Ohlicher
17%
1973/74Deutschland17Hermann Ohlicher
17%
2005/06Serbien8Danijel Ljuboja
13%
1999/00Deutschland8Sean Dundee
11%
1980/81Türkei13İlyas Tüfekçi
5%
1983/84Deutschland13Peter Reichert
5%
1972/73Deutschland13Karl-Heinz Handschuh
4%
1967/68Deutschland17Horst Köppel
3%
1966/67Deutschland8Horst Köppel
3%
1969/70Schweden12Jan Olsson
3%
1963/64Deutschland15Dieter Höller
2%
1965/66Deutschland7Hans-Otto Peters
2%
1964/65Deutschland9Rolf Geiger
2%
1971/72Deutschland12Wolfgang Frank
2%
1966/67Deutschland8Hartmut Weiß
1%
1964/65Deutschland9Hartmut Weiß
1%
1970/71Deutschland15Hartmut Weiß
1%
1968/69Deutschland11Manfred Weidmann
1%

Verteilung der Resultate

Perzentil nach korrekt beantworteten Fragen

Anzahl Personen mit jedem Resultat

Ihre Resultats-Entwicklung

Sie haben dieses Quiz seit der letzten Aktualisierung nicht gespielt